LEADER 01079nam0-2200325---450- 001 990009779090403321 005 20140318090931.0 035 $a000977909 035 $aFED01000977909 035 $a(Aleph)000977909FED01 035 $a000977909 100 $a20131023d1993----km-y0itay50------ba 101 0 $aita 102 $aIT 105 $a--------001yy 200 1 $aCodice commentato della imposizione fiscale sulle società e annuario fiscale delle società 1993$eindici generali integrati$fCalogero Vinci-Luciana Maria Vinci-Francesco Ciampi 210 $aMilano$cCEDAM$d1994 215 $a205 P.$d22 Cm. 700 1$aVinci,$bCalogero$0107166 701 1$aVinci,$bLuciana Maria Vinci$0521153 701 1$aCiampi,$bFrancesco$0128066 801 0$aIT$bUNINA$gRICA$2UNIMARC 901 $aBK 912 $a990009779090403321 952 $aDT IX-52$b13701$fDEC 952 $aDT XI/52$b13701$fDEC 959 $aDEC 959 $aDEC 996 $aCodice commentato della imposizione fiscale sulle società e annuario fiscale delle società 1993$9832797 997 $aUNINA LEADER 00963nam0-2200349---450 001 990002399910203316 005 20200512080614.0 010 $a88-420-2544-5 035 $a000239991 035 $aUSA01000239991 035 $a(ALEPH)000239991USA01 035 $a000239991 100 $a20050216d1990----km-y0itay0103----ba 101 0 $aita 102 $aIT 105 $aa---||||001yy 200 1 $a<> liberty in Italia$fEleonora Bairati e Daniele Riva 210 $aRoma$cLaterza$d1990 215 $a212 p.$cill.$d31 cm 225 $aGuide all'architettura moderna 410 $aGuide all'architettura moderna 606 0 $aLiberty$yItalia 676 $a709.0349 700 1$aBAIRATI,$bEleonora$010572 701 $aRIVA,$bDaniele$038109 801 0$aIT$bsalbc$gISBD 912 $a990002399910203316 951 $aXVII A. 2436$b5699 DLAS$cXVII A.$d391328 959 $aBK 969 $aCAS 996 $aLiberty in Italia$9122985 997 $aUNISA